Rheinland-Pfalz A-Z - Statistiken

Allgemein
  • Dieses Quiz wurde 171 mal gespielt
  • Das Durchschnittsergebnis liegt bei 20 aus 26
Antwortstatistiken
Frage Antwort % Korrekt
A Fluss im Norden von R.-P., an dem sich im Sommer 2021 eine Flutkatastrophe ereignete Ahr
99%
M Landshauptstadt am Rhein gegenüber von Wiesbaden Mainz
96%
K Großstadt, in der die Mosel am Deutschen Eck in den Rhein mündet Koblenz
94%
T Römerstadt mit Porta Nigra, Geburtsstadt von Ambrosius von Mailand und Karl Marx Trier
94%
N Formel-1-Strecke und Ort, an dem Rock am Ring stattfindet Nürburgring
92%
E Gebirge im Norden den Bundeslandes an der Grenze zu NRW Eifel
91%
B Umgangssprachliche Bezeichnung des Stadions des 1. FC Kaiserslautern Betzenberg
89%
D Aktuelle Ministerpräsidentin (SPD) seit 2013 Malu Dreyer
89%
C Kreisstadt an der Mosel mit Reichsburg Cochem
86%
R Militärflughafen und Hauptquartier der US-Armee in Europa, namensgebend für eine bekannte deutsche Metalband Ramstein
86%
G Kurort in der #V, bekannt für das dort produzierte Mineralwasser Gerolstein
85%
L Felsen am Rhein, berühmt für verunglückende Schiffe und ein Gedicht von Heine Loreley
84%
W Kreisfreie Römerstadt am Rhein mit Dom, Standort für mittelalterliche Reichstage (u.a. mit Martin Luther) Worms
81%
I Stadt an der Nahe im Landkreis Birkenfeld mit Doppelnamen Idar-Oberstein
80%
S Pfälzische Spezialität aus Schweineinnereien, Lieblingsgericht von Helmuth Kohl Saumagen
80%
P Kreisfreie Stadt an der Weinstraße im Süden des Bundesland, "Schuhmetropole" Pirmasens
79%
J Bezeichnung der nach dem Buchdruckerfinder benannten Universität der Landeshauptstadt Johannes-Gutenberg-Universität
76%
Y Römerstadt am Rhein mit romanischem Kaiserdom (enthält ein y) Speyer
76%
Z Stadt an der Grenze zum Saarland mit herzöglichem Schloss und Rosengarten Zweibrücken
76%
V Teil der #E, bekannt für seine Maare Vulkaneifel
71%
F Kreisfreie Stadt zwischen Ludwigshafen und #W Frankenthal
65%
H Schloss in Neustadt a.d. Weinstraße, bei dem 1832 ein historisch bedeutsames Fest deutscher Nationalliberaler stattfand Hambacher Schloss
65%
U Schauspielerin der Ludwigshafener Tatort-Komissarin Lena Odenthal (gesucht nach Vornamen) Ulrike Folkerts
59%
Q Bezeichnung der römischen Wasserleitungen, welche #T mit dem Wasser der Ruwer versorgten (enthält ein q) Aquädukt
52%
X Stadt bei Landau, größte Gemeinde des Kreises Südliche Weinstraße (enthält ein x) Herxheim
37%
O Malerische Stadt im Mittelrheintal unweit von der #L Oberwesel
31%
Keine übereinstimmenden Quizze gefunden
Verteilung der Resultate
Anzahl Personen mit jedem Resultat
Perzentil nach korrekt beantworteten Fragen
Ihre Resultats-Entwicklung
Sie haben dieses Quiz noch nicht gespielt